| 000 | 00000nam##2200000za#4500 |
| 001 | 9.587625 |
| 003 | CaOODSP |
| 005 | 20210624194725 |
| 007 | cr ||||||||||| |
| 008 | 150406|2008||||xxc|||||o f|0| 0 eng|d |
| 022 | |a1701-1280 |
| 040 | |aCaOODSP|beng |
| 041 | |aeng |
| 041 | |afre |
| 043 | |an-cn--- |
| 086 | 1 |aFs70-4/2008-011-PDF |
| 110 | 1 |aCanada. |bDepartment of Fisheries and Oceans. |
| 245 | 10|aCentre for Integrated Aquaculture Science (CIAS) Fisheries and Oceans Canada : |h[electronic resource]|bWorkshop on establishing a CIAS research work plan for ecosystem- based management of aquaculture / |cprepared by Edward Kennedy, Fred Page. |
| 260 | |aOttawa - Ontario : |bFisheries and Oceans Canada |cJune 2008 (Revised: July 2008). |
| 300 | |a85p.|bfigs. (some coloured), graphs, tables, photographs |
| 490 | 1 |aCanadian Science Advisory Secretariat proceedings series|x1701-1280|v2008/011 |
| 500 | |a"February 28 – March 1, 2007, Fairmont Château Laurier, Ottawa, Ontario". |
| 546 | |aBilingual. Some appendices in English only. |
| 590 | |a11-31-Supp|b2011-12-13 |
| 720 | 1 |aPage, Fred |
| 720 | 1 |aKennedy, Edward |
| 792 | |tCentre des sciences intégrées en aquaculture (CSIA) Pêches et Océans Canada : |efre|w(CaOODSP)9.587626 |
| 830 | #0|aProceedings series (Canadian Science Advisory Secretariat)|x1701-1280|v2008/011|w(CaOODSP)9.500507 |
| 856 | 40|ahttp://publications.gc.ca|qPDF|s811 KB|uhttps://publications.gc.ca/collections/collection_2011/mpo-dfo/Fs70-4-2008-011.pdf|y2008/011 |